000 00491nam a2200193Ia 4500
003 OSt
005 20221007082728.0
006 a|||||r|||| 00| 0
007 ta
008 221006b |||||||| |||| 00| 0 eng d
024 _a22,717
037 _cDissertations
040 _aFLL
_cFLL
_beng
041 _2eng
_aeng
100 _aChawla Amita
_9699340
245 0 _aFree exercise of religion (in India and U.S.A.)
942 _cDIS
_2CC
999 _c1167529
_d1167529